Catálogo público

Las plagas invertebradas de cultivos anuales alimenticios en América Central (Record no. 27711)

MARC details
000 -CABECERA
campo de control de longitud fija 01126cam a22003017a 4500
003 - IDENTIFICADOR DEL NÚMERO DE CONTROL
campo de control CHAP
005 - FECHA Y HORA DE LA ÚLTIMA TRANSACCIÓN
campo de control 20220329134909.0
008 - DATOS DE LONGITUD FIJA--INFORMACIÓN GENERAL
campo de control de longitud fija 971013s1984 r 00010 d
010 ## - NÚMERO DE CONTROL DE LA BIBLIOTECA DEL CONGRESO
Número de control de LC 27711
011 ## - ENLACE DEL NUMERO DE CONTROL DE LA BIBLIOTECA DEL CONGRESO [OBSOLETO]
Número de control de LC 28683
035 ## - NÚMERO DE CONTROL DEL SISTEMA
Número de control de sistema 32790
040 ## - FUENTE DE LA CATALOGACIÓN
Centro/agencia transcriptor CHAP
082 ## - NÚMERO DE LA CLASIFICACIÓN DECIMAL DEWEY
Número de clasificación 632.7
Número de documento/Ítem K5
100 00 - ENTRADA PRINCIPAL--NOMBRE DE PERSONA
Nombre de persona King, A. B. S.
9 (RLIN) 63253
245 14 - MENCIÓN DE TÍTULO
Título Las plagas invertebradas de cultivos anuales alimenticios en América Central
Resto del título : una guía para su reconocimiento
260 ## - PUBLICACIÓN, DISTRIBUCIÓN, ETC.
Lugar de publicación, distribución, etc. Turrialba :
Nombre del editor, distribuidor, etc. Centro Agronómico Tropical de Investigación y Enseñanza. Departamento de Producción Vegetal,
Fecha de publicación, distribución, etc. 1984
300 ## - DESCRIPCIÓN FÍSICA
Extensión 182 p.
Otras características físicas : ilus.
590 ## - NOTA LOCAL (RLIN)
Nota local BATCH-UPD
Procedencia (VM) [OBSOLETO] 10
Condición del los carretes individuales (VM) [OBSOLETO] 20130110
-- UCH01
-- 1745
590 ## - NOTA LOCAL (RLIN)
Nota local CONVERSION
Procedencia (VM) [OBSOLETO] 10
Condición del los carretes individuales (VM) [OBSOLETO] 20130109
-- UCH01
-- 1316
650 14 - PUNTO DE ACCESO ADICIONAL DE MATERIA--TÉRMINO DE MATERIA
Término de materia o nombre geográfico como elemento de entrada Cultivos
Subdivisión general Plagas.
9 (RLIN) 30305
700 0# - PUNTO DE ACCESO ADICIONAL--NOMBRE DE PERSONA
Nombre de persona Saunders, J. L.
9 (RLIN) 102753
901 ## - ELEMENTOS DE DATOS A LOCAL LDA (RLIN)
a BK
942 ## - ELEMENTOS DE PUNTO DE ACCESO ADICIONAL (KOHA)
Tipo de ítem Koha Libro
949 ## - PROCESAMIENTO DE INFORMACIÓN LOCAL (OCLC)
a 632.7 K5
b BC
c C
d 33724000648184
e C
h 64939
i 32790
s i
949 ## - PROCESAMIENTO DE INFORMACIÓN LOCAL (OCLC)
a 632.7 K5
b BC
c C
d 33724000648192
e C
f c.3
h 64941
i 32790
s i
949 ## - PROCESAMIENTO DE INFORMACIÓN LOCAL (OCLC)
a 632.7 K5
b BC
c C
d 33724000880530
e C
f c.4
g I. 132629
h 69087
i 32790
s b
949 ## - PROCESAMIENTO DE INFORMACIÓN LOCAL (OCLC)
a 632.7 K5
b BC
c C
d 33724000943023
e C
f c.2
h 64940
i 32790
s i
Holdings
Estado de retiro Estado de pérdida Fuente del sistema de clasificación o colocación Estado dañado Restricciones de uso No para préstamo Código de colección Localización permanente Ubicación/localización actual Ubicación en estantería Fecha de adquisición Fuente de adquisición Información codificada de la localización en otra ubicación Total de préstamos Signatura topográfica completa Código de barras Fecha visto por última vez Precio válido a partir de Tipo de ítem Koha Número de copia
    Dewey Decimal Classification   Préstamo interno   Consulta Biblioteca Central Biblioteca Central Planta alta - Coleción Consulta 31/12/2019 I. 132629 LIBRO   632.7 K5 33724000648184 31/12/2019 31/12/2019 Libro  
    Dewey Decimal Classification   Préstamo interno   Consulta Biblioteca Central Biblioteca Central Planta alta - Coleción Consulta 31/12/2019   LIBRO   632.7 K5 33724000648192 31/12/2019 31/12/2019 Libro c.3
    Dewey Decimal Classification   Préstamo interno   Consulta Biblioteca Central Biblioteca Central Planta alta - Coleción Consulta 31/12/2019   LIBRO   632.7 K5 33724000943023 31/12/2019 31/12/2019 Libro c.2
    Dewey Decimal Classification   Préstamo interno   Consulta Biblioteca Central Biblioteca Central Planta alta - Coleción Consulta 31/12/2019   LIBRO   632.7 K5 33724000880530 27/05/2022 31/12/2019 Libro c.4